Salvador Dalí. 1904-1989.
Sparad:
| Huvudupphovsman: | |
|---|---|
| Övriga upphovsmän: | |
| Materialtyp: | Bok |
| Språk: | spanska |
| Publicerad: |
Köln, Germany:
Taschen,
2002.
|
| Ämnen: | |
| Taggar: |
Lägg till en tagg
Inga taggar, Lägg till första taggen!
|
MARC
| LEADER | 00000nam a2200000 a 4500 | ||
|---|---|---|---|
| 001 | UCG7080 | ||
| 003 | CL-VaPUC | ||
| 005 | 20220822114402.0 | ||
| 008 | 110617e20020000GW |||||||||||||||||spa|d | ||
| 999 | |c 345145 |d 345143 | ||
| 020 | |a 3-8228-6550-8 | ||
| 040 | |c Pontificia Universidad Católica de Valparaíso | ||
| 082 | 0 | 4 | |a 750 NER 2002 |2 21 |
| 100 | |a Néret, Gilles |e autor |9 450026 | ||
| 245 | 1 | 0 | |a Salvador Dalí. |b 1904-1989. |
| 260 | |a Köln, Germany: |b Taschen, |c 2002. | ||
| 300 | |a 96 páginas. | ||
| 500 | |a c.3 Donación Familia Prof. Alejandro Guzmán Brito. | ||
| 583 | |a last modification |c 20110617 00:00:00 |k Rodrigo Vera | ||
| 600 | |a Dalí, Salvador, |d 1904-1989 |x Vidas y obras |9 874854 | ||
| 650 | 0 | |a Pintores españoles |9 315216 | |
| 650 | 0 | |a Surrealismo |9 265502 | |
| 700 | |a Caramés, Carlos |e traducción |9 866185 | ||
| 942 | |c BK |2 ddc |n 0 | ||
| 945 | |d 20110617 00:00:00 |a dcastane | ||
| 952 | |0 0 |1 0 |4 0 |6 750_000000000000000_NER_2002 |7 0 |8 C |9 443614 |a BIBCUR |b BIBCUR |d 2019-11-22 |i 4784820 |o 750 NER 2002 |p 4784820 |r 2025-04-22 |w 2019-11-22 |y BK |k CAC | ||
| 952 | |0 0 |1 0 |2 ddc |4 0 |6 750_000000000000000_NER_2002 |7 1 |8 C_AGB |9 581273 |a BIBDER |b BIBDER |d 2022-02-09 |e Donación |i 5646197 |o 750 NER 2002 |p 5646197 |r 2023-01-25 |t 3 |w 2022-02-09 |y BK_US |k AGB | ||